书目信息 |
| 题名: |
蒋慧卿钢笔行书
|
|
| 作者: | 蒋慧卿 书 | |
| 分册: | ||
| 出版信息: | 北京 中国物资出版社 1986 |
|
| 页数: | 44页 | |
| 开本: | 19cm | |
| 丛书名: | ||
| 单 册: | ||
| 中图分类: | J292.35 | |
| 科图分类: | ||
| 主题词: | 钢笔字-行书-法帖--中国 , 法帖-钢笔字-行书--中国 , 书法--中国 , 行书-钢笔字-法帖--中国 , 篆刻--中国 | |
| 电子资源: | ||
| ISBN: | ||
| 000 | 00747nam0 2200277 45 | |
| 001 | 0186011710 | |
| 005 | 20060420155624.75 | |
| 010 | @dCNY0.45 | |
| 091 | @a7254.181 | |
| 100 | @a19900813d1986 em y0chiy0121 ea | |
| 101 | 0 | @achi |
| 102 | @aCN@b110000 | |
| 105 | @ah z 000yy | |
| 200 | 10 | @a蒋慧卿钢笔行书@Ajiang hui qing gang bi xing shu@f蒋慧卿书 |
| 210 | @a北京@c中国物资出版社@d1986 | |
| 215 | @a44页@d19cm | |
| 606 | @a钢笔字-行书-法帖@y中国 | |
| 606 | @a法帖-钢笔字-行书@y中国 | |
| 606 | 0 | @a书法@x中国 |
| 606 | @a行书-钢笔字-法帖@y中国 | |
| 606 | 0 | @a篆刻@x中国 |
| 690 | @aJ292.35@v4 | |
| 701 | 0 | @a蒋慧卿@Ajiang hui qing@4书 |
| 801 | 2 | @aCN@bNLC@c20060420 |
| 801 | 0 | @aCN@b深圳图书馆@c20040520 |
| 905 | @dJ292.35@e131 | |
| 蒋慧卿钢笔行书/蒋慧卿书.-北京:中国物资出版社,1986 |
| 44页;19cm |
| ISBN :CNY0.45 |
| ● |
| 相关链接 |
|
|
|
|
正题名:蒋慧卿钢笔行书
索取号:J292.35/131
 
预约/预借
| 序号 | 登录号 | 条形码 | 馆藏地/架位号 | 状态 | 备注 |
| 1 | 0167033 | 202276465 | 密集书库/ [索取号:J292.35/131] | 在馆 | |
| 2 | 0167034 | 000798471 | 第一借阅区/ [索取号:J292.35/131] | 在馆 | |
| 3 | 0167035 | 000798480 | 第一样本阅览室/ [索取号:J292.35/131] | 在馆 |